000 00395nam a2200133Ia 4500
008 220204s9999 xx 000 0 und d
082 _a581.192
_bHOU
100 _aHouba, V J G
245 0 _aChemical composition of various plant species
260 _aNetherlands
_bDept of soil science and plant nutrition
_c1994
650 _aRubber plant analysis
700 _aUittenbogaard, J
942 _cBK
999 _c43752
_d43752